000 00927nam a2200205 i 4500
001 170862
003 ES-MaACL
005 20250713080434.0
008 090413s1879 sp |||| | spa d
080 _a821.134.2-22"18"
100 1 _aAza, Vital,
_d1851-1912
_924210
245 1 0 _aLlovido del cielo
_b: comedia en dos actos y en verso /
_coriginal de Vital Aza.
260 _aMadrid :
_b[s.n.],
_c1879 (
_fImp. de José Rodríguez)
300 _a67 p. ;
_c18 cm.
500 _aEn port.: Estrenada en el teatro de la Comedia la noche del 10 de mayo de 1879.
530 _aDisponible en formato digital.
852 _aES-MaACL
_jF-8562(14)
_z.- Enc. pasta española
_q.- Falto de la cub. original
_z.- Enc. en un vol. facticio, formando parte de la col. facticia "Teatro español moderno", vol. 14
856 _uhttp://bdh-rd.bne.es/viewer.vm?id=0000094728&page=1
_zBiblioteca Digital Hispánica
999 _c170862
_d170862